La educación en valores
Zapisane w:
| Główni autorzy: | , , , , |
|---|---|
| Format: | Książka |
| Język: | hiszpański |
| Wydane: |
Madrid
PPC
1998
|
| Wydanie: | 3a. ed |
| Seria: | Colección Educar
|
| Hasła przedmiotowe: | |
| Etykiety: |
Dodaj etykietę
Nie ma etykietki, Dołącz pierwszą etykiete!
|
MARC
| LEADER | 00000cam a2200000 a 4500 | ||
|---|---|---|---|
| 001 | UCQ6776 | ||
| 003 | CL-VaPUC | ||
| 008 | 981023e19980000SP |||||||||||||||||spa|d | ||
| 020 | |a 8428813736 | ||
| 082 | 0 | 4 | |a 370.114 |b GRE |2 21 |
| 100 | |a Gregorio García, Abilio de |e author |9 489925 | ||
| 700 | 0 | |a Elzo, Javier |e author |9 420669 | |
| 700 | 0 | |a Ferreirós, Pilar |e author |9 420670 | |
| 700 | 0 | |a Laghi, Pio |e author |9 420671 | |
| 700 | 0 | |a Pérez Juste, Ramón |e author |9 420672 | |
| 245 | 1 | 3 | |a La educación en valores |
| 250 | |a 3a. ed | ||
| 300 | |a 246 p | ||
| 942 | |c BK | ||
| 945 | |d 19981023 00:00:00 |a mvenant | ||
| 260 | |a Madrid |b PPC |c 1998 | ||
| 650 | 0 | |a Valores morales |9 310604 | |
| 650 | 0 | |a Educación moral |9 308319 | |
| 650 | 0 | |a Ética |9 255099 | |
| 650 | 0 | |a Valores cristianos |9 399897 | |
| 583 | |a last modification |c 20131018 06:23:15 |k Rodrigo Vera | ||
| 490 | 0 | |a Colección Educar | |
| 999 | |c 276687 |d 276685 | ||
| 952 | |0 0 |1 0 |4 0 |6 370_114000000000000_GRE_1998 |7 0 |8 A |9 314096 |a BIBEDU |b BIBEDU |d 2019-11-20 |i 3473171 |o 370.114 GRE 1998 |p 3473171 |r 2019-11-20 |w 2019-11-20 |y BK |k EPE | ||
| 952 | |0 0 |1 0 |4 0 |6 370_114000000000000_GRE_1998 |7 0 |8 A |9 314097 |a BIBTEO |b BIBTEO |d 2019-11-20 |i 3611019 |o 370.114 GRE 1998 |p 3611019 |r 2025-01-17 |w 2019-11-20 |y BK |k ICR | ||
| 952 | |0 0 |1 0 |4 0 |6 370_114000000000000_GRE_1998 |7 0 |8 A |9 314098 |a BIBEDU |b BIBEDU |d 2019-11-20 |i 3885712 |o 370.114 GRE 1998 |p 3885712 |r 2019-11-20 |w 2019-11-20 |y BK |k EPE | ||
| 952 | |0 0 |1 0 |3 erb |4 0 |6 370_114000000000000_GRE_1998 |7 0 |8 A |9 314099 |a BIBTEO |b BIBTEO |d 2019-11-20 |i 5023394 |o 370.114 GRE 1998 |p 5023394 |r 2025-01-17 |w 2019-11-20 |y BK |z Catalogado en:20131025 |k ICR | ||